Heat Transfer (Record no. 196545)
[ view plain ]
| 000 -LEADER | |
|---|---|
| fixed length control field | 00656 a2200205 4500 |
| 005 - DATE AND TIME OF LATEST TRANSACTION | |
| control field | 20230714153955.0 |
| 010 ## - LCCN (DPL NO) | |
| LC control number | ENG-137402 |
| 020 ## - INTERNATIONAL STANDARD BOOK NUMBER | |
| International Standard Book Number | 9789393196064 |
| Terms of availability | 730.00 |
| 035 ## - SYSTEM CONTROL NUMBER | |
| System control number | EN-120934 |
| 037 ## - SOURCE OF ACQUISITION | |
| Source of stock number/acquisition | DBAD/Pub |
| 082 14 - DEWEY DECIMAL CLASSIFICATION NUMBER | |
| Classification number | 536.2 |
| 100 ## - MAIN ENTRY--PERSONAL NAME | |
| Personal name | Sreekanth, D.V. |
| 245 1# - TITLE STATEMENT | |
| Title | Heat Transfer |
| Statement of responsibility, etc | D. V. Sreekanth [and] Y. Chandrasekhar Yadav |
| 250 ## - EDITION STATEMENT | |
| Edition statement | First edition. |
| 260 ## - PUBLICATION, DISTRIBUTION, ETC. (IMPRINT) | |
| Place of publication, distribution, etc | Hyderabad |
| Name of publisher, distributor, etc | Spectrum Publishing House, |
| Date of publication, distribution, etc | 2023 |
| 270 ## - ADDRESS | |
| Address | 326/C, level-6, near B K Guda Park, S R Nagar |
| City | Hyderabad |
| Postal code | 500 038 |
| 300 ## - PHYSICAL DESCRIPTION | |
| Extent | xiv, 314p.; |
| Dimensions | 25cm(pbk) |
| 700 ## - ADDED ENTRY--PERSONAL NAME | |
| Personal name | Yadav, Y. Chandrasekhar |
| 942 ## - ADDED ENTRY ELEMENTS (KOHA) | |
| Item type | English Books |
| Source of classification or shelving scheme | Dewey Decimal Classification |
| Classification part | 536.2 |
| Call number suffix | SRE |
| Edition | First edition |
| Withdrawn status | Lost status | Not for loan | Collection code | Home library | Current library | Date acquired | Source of acquisition | Cost, normal purchase price | Full call number | Barcode | Copy number | Cost, replacement price | Koha item type |
|---|---|---|---|---|---|---|---|---|---|---|---|---|---|
| Not For Loan | Non-fiction | Narela | Narela | 14/07/2023 | DBAD/PUB | 730.00 | 536.2 SRE | EN-120934 | 1 | 730.00 | English Books |
